Sborník vědecký musea království Českého : odbor historický, filologický a filosofický

Korporativní autor: Museum Království českého (Praha, Česko)
Jazyk: Čeština
Vydáno: V Praze : Nákladem musea král. Českého :V komisi knihkupectví Fr. Řivnáče, 1868-1873
Témata:
Fyzický popis: 5 sv. ; 22 cm
Odebírané ročníky: 1898-1873
Odebírané svazky: 1-5
Noviny a časopisy
Uloženo v:
LEADER 02577nas a2200445 4500
001 001663940
003 CZ BrMZK
005 20190116094955.0
007 ta
008 041202d18681873xr uu 0 b0cze
015 |a cnb001491372  |z cnb001073745  |z cnb000660779  |z cnb000381578 
035 |a (OCoLC)12578632 
040 |a ABA001  |b cze  |d BOA001  |e AACR2 
072 7 |a 80  |x Filologie  |2 Konspekt  |9 11 
080 |a 80  |2 MRF 
080 |a (082)  |2 MRF 
110 2 |a Museum Království českého (Praha, Česko)  |7 ko2004209435 
245 1 0 |a Sborník vědecký musea království Českého :  |b odbor historický, filologický a filosofický 
246 3 0 |a Sborník vědecký musea království Českého - odbor historický, filologický a filosofický 
260 |a V Praze :  |b Nákladem musea král. Českého :  |b V komisi knihkupectví Fr. Řivnáče,  |c 1868-1873  |f (Tiskem dra. Ed. Grégra) 
300 |a 5 sv. ;  |c 22 cm 
310 |a Periodicita není známa 
362 0 |a Č. 1 (1868)-č. 5 (1873) 
650 0 7 |a filologie  |7 ph120216  |2 czenas 
655 7 |a sborníky  |7 fd163935  |2 czenas 
910 |a BOA0011  |b 2-0093.813  |r 1898-1873  |s 1-5 
928 9 |a Museum král. Českého 
928 9 |a Fr. Řivnáč [distributor] 
990 |a SE 
996 6 |b 2618948183  |c 2-0093.813  |d 1868 1  |y 1868  |l MZK  |r Sklad / do 24 hodin  |n 1  |w 001703154  |u 000090  |a 1  |e BOA001  |j MZK50  |s P 
996 6 |b 2618948184  |c 2-0093.813  |d 1868 1  |v 1  |y 1868  |l MZK  |r Sklad / do 24 hodin  |n 0  |w 001703154  |u 000100  |a 1  |e BOA001  |j MZK50  |s P 
996 6 |b 2618948185  |c 2-0093.813  |d 1868 1  |v 1  |y 1868  |l MZK  |r Sklad / do 24 hodin  |n 1  |w 001703154  |u 000110  |a 1  |e BOA001  |j MZK50  |s P 
996 6 |b 2619215372  |c 2-0093.813  |d 1870 3  |v 3  |y 1870  |l MZK  |r Sklad / do 24 hodin  |n 4  |w 001703154  |u 000060  |a 1  |e BOA001  |j MZK50  |s P 
996 6 |b 2619219285  |c 2-0093.813  |d 1873 5  |v 5  |y 1873  |l MZK  |r Sklad / do 24 hodin  |n 10  |w 001703154  |u 000010  |a 1  |e BOA001  |j MZK50  |s P 
996 6 |b 2619238947  |c 2-0093.813  |d 1871 4  |v 4  |y 1871  |l MZK  |r Sklad / do 24 hodin  |n 2  |w 001703154  |u 000050  |a 1  |e BOA001  |j MZK50  |s P 
996 6 |b 2619255061  |c 2-0093.813  |d 1870 2  |v 2  |y 1870  |l MZK  |r Sklad / do 24 hodin  |n 1  |w 001703154  |u 000070  |a 1  |e BOA001  |j MZK50  |s P 
996 6 |b 2619333269  |c 2-0093.813  |d 1870 2  |v 2  |y 1870  |l MZK  |r Sklad / do 24 hodin  |n 2  |w 001703154  |u 000080  |a 1  |e BOA001  |j MZK50  |s P 
996 6 |b 2619704291  |c 2-0093.813  |d 1871 4  |v 4  |y 1871  |l MZK  |r Sklad / do 24 hodin  |n 2  |w 001703154  |u 000040  |a 1  |e BOA001  |j MZK50  |s P 
996 6 |b 2619746427  |c 2-0093.813  |d 1871 4  |y 1871  |l MZK  |r Sklad / do 24 hodin  |n 3  |w 001703154  |u 000030  |a 1  |e BOA001  |j MZK50  |s P 
996 6 |b 2619876090  |c 2-0093.813  |d 1871 4  |v 4  |y 1871  |l MZK  |r Sklad / do 24 hodin  |n 8  |w 001703154  |u 000020  |a 1  |e BOA001  |j MZK50  |s P